000 00925nam a22002537a 4500
005 2010122702062.0
008 101227t xxu||||| |||| 00| 0 eng d
010 _aENG-101864
020 _a9780071074025
_c395.00
020 _a0071074023
_c395.00
035 _aEN-85397
037 _bDBAD/PUB
040 _adpl
_bEng
082 _a371.102
100 _aPask,Roger
_925104
245 _aMentoring-coaching :
_ba guide for education professionals /
_cby Roger Pask [and] Barrie Joy
260 _aNew Delhi
_bTata McGraw Hill
_c2010
270 _a7 West Patel Nagar
_bNew Delhi
_e110008
300 _aix,261p.
_c23cm (pbk)
500 _aIncludes bibliographical references and index
700 _aJoy, Barrie
_925105
942 _2ddc
_cEN
_h371.102
_mPAS
999 _c49513
_d49513